000 00929cam a2200301 a 4500
008
020 _a0333614453 (pbk.)
020 _a0333614445 (hbk.)
049 _aMAIN
090 0 _aJN15
_bNUG
100 1 _aNugent, Neill.
245 1 4 _aThe government and politics of the European Union /
_cNeill Nugent.
250 _a3rd ed.
260 _aLondon :
_bMcMillan Press,
_c1994.
300 _axxi, 443 p. :
_bill. ;
_c23 cm.
504 _aIncludes bibliographical references.
500 _aIncludes index.
650 2 0 _aEuropean Union.
650 2 0 _aCommission of the European Communities.
650 2 0 _aCouncil of the European Communities.
650 2 0 _aEuropean Parliament.
650 2 0 _aCourt of Justice of the European Communities.
907 _a.b10241188
_b25-03-13
_c27-04-07
003
005 20230123134457.0
040 _cNUST
942 _cBOOKS
_kJN15
_mNUG
999 _c166612
_d166612